[Event "7th EUR-ch"]
[Site "Kusadasi TUR"]
[Date "2006.04.12"]
[Round "8.57"]
[White "Vehi Bach, Victor"]
[Black "Kosintseva, Nadezhda"]
[Result "1-0"]
[WhiteElo "2335"]
[BlackElo "2469"]
[EventDate "2006.04.04"]
[PlyCount "193"]

1.e4 c5 2.Nf3 Nc6 3.d4 cxd4 4.Nxd4 Nf6 5.Nc3 d6 6.Bg5 e6 7.Qd2 a6 8.O-O-O 
Bd7 9.f4 b5 10.Nxc6 Bxc6 11.Qe1 Be7 12.e5 Nd5 13.Bxe7 Qxe7 14.Nxd5 Bxd5 
15.Kb1 O-O 16.Bd3 Rfd8 17.Rf1 dxe5 18.fxe5 Rd7 19.Rf4 Rad8 20.Rc1 Rc7 21.
g3 Qc5 22.Qf1 h6 23.Qe2 Bc4 24.Rff1 Rcd7 25.Bxc4 bxc4 26.Rf4 Rc7 27.Rf3 
Rd5 28.Re1 Rb7 29.Qe3 Rbd7 30.a3 Qa5 31.Qc3 Qb5 32.Rf4 Rc7 33.Ree4 Rdc5 
34.Ka2 Qc6 35.Rd4 Kh7 36.h4 a5 37.Rde4 Qd5 38.g4 Kh8 39.g5 h5 40.Re1 Rd7 
41.Ree4 Rdc7 42.Rd4 Qxe5 43.Rd8+ Kh7 44.Qf3 g6 45.Rxf7+ Rxf7 46.Qxf7+ Qg7 
47.Qxe6 Rc7 48.c3 a4 49.Ra8 Re7 50.Qxc4 Rc7 51.Qxa4 Rb7 52.Qd4 Rxb2+ 53.
Kxb2 Qb7+ 54.Qb4 Qxa8 55.a4 Qg2+ 56.Ka3 Qg1 57.Qe7+ Kg8 58.Qe6+ Kg7 59.
Qe7+ Kh8 60.Qd8+ Kh7 61.Qd4 Qa1+ 62.Kb4 Qb1+ 63.Ka5 Qf5+ 64.Kb6 Qc8 65.c4 
Qb8+ 66.Ka6 Qc8+ 67.Kb6 Qb8+ 68.Ka5 Qa8+ 69.Kb4 Qb8+ 70.Kc5 Qa7+ 71.Kd5 
Qxa4 72.Kd6 Qb4+ 73.Ke6 Qe1+ 74.Qe5 Qxh4 75.Qc7+ Kg8 76.Kf6 Qd4+ 77.Kxg6 
Qe4+ 78.Kh6 Qe6+ 79.g6 Qe3+ 80.Kxh5 Qh3+ 81.Kg5 Qg2+ 82.Kf5 Qh3+ 83.Ke4 
Qg2+ 84.Kd4 Qxg6 85.Qd8+ Kg7 86.Qd7+ Kh6 87.Kc5 Qg1+ 88.Kc6 Qa1 89.Kb6 
Qg1+ 90.c5 Kg6 91.Qd5 Kg7 92.Kb7 Qb1+ 93.Kc8 Qa1 94.c6 Qa8+ 95.Kd7 Qa4 96.
Qd6 Qb5 97.Kd8 1-0

[Event "7th EUR-ch"]
[Site "Kusadasi TUR"]
[Date "2006.04.12"]
[Round "8.58"]
[White "Steingrimsson, Hedinn"]
[Black "Aleskerov, Faik"]
[Result "1-0"]
[WhiteElo "2447"]
[BlackElo "2325"]
[EventDate "2006.04.04"]
[PlyCount "79"]

1.d4 c5 2.d5 e5 3.Nc3 d6 4.e4 Be7 5.Nf3 Nf6 6.Be2 O-O 7.O-O Ne8 8.Nd2 g6 
9.Nc4 f5 10.f4 exf4 11.Bxf4 g5 12.Bd2 f4 13.g3 Bh3 14.Rf3 Bg4 15.Rf2 Bd7 
16.a4 fxg3 17.Rxf8+ Bxf8 18.hxg3 Qf6 19.e5 dxe5 20.Ne4 Qg6 21.Bd3 Bg7 22.
Qf3 g4 23.Qh1 Bf5 24.Rf1 Nd7 25.Ne3 Bxe4 26.Bxe4 Qh6 27.Nxg4 Qxh1+ 28.Bxh1
Nd6 29.Nh6+ Bxh6 30.Bxh6 c4 31.Bg2 Nf7 32.Be3 Kg7 33.d6 Nf6 34.a5 Nxd6 35.
a6 Nde4 36.axb7 Rb8 37.Rxf6 Nxf6 38.Bxa7 Nd7 39.Bxb8 Nxb8 40.c3 1-0

[Event "7th EUR-ch"]
[Site "Kusadasi TUR"]
[Date "2006.04.12"]
[Round "8.59"]
[White "Yeke, Serkan"]
[Black "Zueger, Beat"]
[Result "1-0"]
[WhiteElo "2252"]
[BlackElo "2433"]
[EventDate "2006.04.04"]
[PlyCount "77"]

1.e4 e6 2.d4 d5 3.Nc3 Nf6 4.e5 Nfd7 5.f4 c5 6.Nf3 Nc6 7.Be3 cxd4 8.Nxd4 
Bc5 9.Qd2 O-O 10.O-O-O a6 11.h4 Nxd4 12.Bxd4 b5 13.Qe3 Qb6 14.Rh3 Bb7 15.
Ne2 f6 16.exf6 Rxf6 17.g4 b4 18.Bg2 a5 19.g5 Rff8 20.h5 a4 21.h6 g6 22.
Bxc5 Nxc5 23.Qe5 Rf7 24.f5 exf5 25.Bxd5 Bxd5 26.Qxd5 Re8 27.Nd4 Ne4 28.Nc6
Qb7 29.Re3 Rc8 30.Qe6 Qxc6 31.Rd8+ Rxd8 32.Qxc6 a3 33.bxa3 bxa3 34.Rxa3 
Nxg5 35.Ra8 Rxa8 36.Qxa8+ Rf8 37.Qd5+ Nf7 38.a4 Rd8 39.Qb7 1-0

[Event "7th EUR-ch"]
[Site "Kusadasi TUR"]
[Date "2006.04.12"]
[Round "8.60"]
[White "Duman, Aydin"]
[Black "Safarli, Eltaj"]
[Result "0-1"]
[WhiteElo "2241"]
[BlackElo "2417"]
[EventDate "2006.04.04"]
[PlyCount "80"]

1.e4 c5 2.Nc3 e6 3.Nf3 d6 4.g3 Nf6 5.Bg2 Be7 6.O-O O-O 7.d4 cxd4 8.Nxd4 a6
9.Be3 Qc7 10.f4 Nc6 11.a4 Re8 12.Nb3 d5 13.e5 Nd7 14.Qd2 Nb6 15.Qf2 Nc4 
16.Bc1 Nb4 17.Na2 Nc6 18.Nc3 Bd7 19.Ne2 b5 20.axb5 axb5 21.Rxa8 Rxa8 22.
Nbd4 Nxd4 23.Nxd4 Bc5 24.b3 Qb6 25.c3 Na5 26.b4 Bxd4 27.cxd4 Nc6 28.Be3 
Nxb4 29.Qb2 Nc6 30.f5 exf5 31.Bxd5 Be6 32.Bg2 Rd8 33.Qf2 Qa6 34.g4 fxg4 
35.d5 Rxd5 36.Bxd5 Bxd5 37.Qf4 h5 38.e6 Bxe6 39.Qd6 b4 40.Rc1 Qe2 0-1

[Event "7th EUR-ch"]
[Site "Kusadasi TUR"]
[Date "2006.04.12"]
[Round "8.62"]
[White "Ziska, Helgi Dam"]
[Black "Arlandi, Ennio"]
[Result "0-1"]
[WhiteElo "2306"]
[BlackElo "2453"]
[EventDate "2006.04.04"]
[PlyCount "122"]

1.e4 c5 2.Nf3 e6 3.d4 cxd4 4.Nxd4 Nf6 5.Nc3 d6 6.g4 h6 7.h4 Nc6 8.Rg1 d5 
9.Bb5 Bd7 10.exd5 Nxd5 11.Nxd5 exd5 12.g5 hxg5 13.Qe2+ Qe7 14.Bxc6 Qxe2+ 
15.Nxe2 bxc6 16.hxg5 Bc5 17.Be3 Bxe3 18.fxe3 Rh2 19.Kd2 Ke7 20.e4 dxe4 21.
Ke3 Rah8 22.Rae1 R8h4 23.b4 g6 24.Rg3 Be6 25.a4 Bc4 26.Nd4 Kd6 27.Rd1 Kc7 
28.Rd2 Rh1 29.Rf2 Ra1 30.Rf6 Kb7 31.Nxc6 Bd5 32.Na5+ Kc7 33.Kd4 Rd1+ 34.
Kc5 Be6 35.c4 e3 36.Rxe6 fxe6 37.Rxe3 Rg1 38.Re5 Rhg4 39.Rxe6 Rxg5+ 40.Kd4
Rd1+ 41.Kc3 Rg3+ 42.Kc2 Rh1 43.Re7+ Kd6 44.Re2 Ra1 45.Nb7+ Kc6 46.Re7 Ra2+
47.Kb1 Rxa4 48.Na5+ Kd6 49.Rb7 Raa3 50.c5+ Ke6 51.Rh7 Rh3 52.Rxa7 Rh1+ 53.
Kb2 Rg3 54.Ra6+ Kf5 55.Nb3 Rh2+ 56.Ka3 Rhh3 57.Ka4 Rxb3 58.Rb6 g5 59.Rb8 
Rb1 60.c6 Rc3 61.b5 Rxc6 0-1

[Event "7th EUR-ch"]
[Site "Kusadasi TUR"]
[Date "2006.04.12"]
[Round "8.63"]
[White "Guliev, Logman"]
[Black "Can, Emre"]
[Result "1-0"]
[WhiteElo "2384"]
[BlackElo "2286"]
[EventDate "2006.04.04"]
[PlyCount "67"]

1.e4 c5 2.Nf3 Nc6 3.d4 cxd4 4.Nxd4 g6 5.c4 Bg7 6.Be3 d6 7.Nc3 Nh6 8.Be2 
O-O 9.O-O f5 10.exf5 Bxd4 11.Bxh6 Rxf5 12.Qd2 Qb6 13.Kh1 Rf7 14.f4 Be3 15.
Qe1 Qxb2 16.Rd1 Bd4 17.Nb5 Bg7 18.Rb1 Qxa2 19.Bxg7 Rxg7 20.Bf3 Bf5 21.Nc3 
Qa5 22.Rxb7 Qa6 23.Rb5 Rf8 24.Bd5+ Kh8 25.Qd2 Qc8 26.Ra1 e5 27.fxe5 dxe5 
28.Rc5 Bd7 29.Ne4 Qb7 30.h3 Qb6 31.Bxc6 Bxc6 32.Qd6 Rc8 33.Rf1 Kg8 34.Qe6+
1-0

[Event "7th EUR-ch"]
[Site "Kusadasi TUR"]
[Date "2006.04.12"]
[Round "8.64"]
[White "Erdogdu, Mert"]
[Black "Kurmann, Oliver"]
[Result "1-0"]
[WhiteElo "2375"]
[BlackElo "2297"]
[EventDate "2006.04.04"]
[PlyCount "107"]

1.e4 c5 2.Nf3 d6 3.d4 cxd4 4.Nxd4 Nf6 5.Nc3 a6 6.Be3 e5 7.Nb3 Be6 8.f3 Be7
9.Qd2 O-O 10.O-O-O Nbd7 11.g4 b5 12.g5 b4 13.Ne2 Ne8 14.f4 a5 15.f5 a4 16.
fxe6 axb3 17.exf7+ Rxf7 18.Kb1 bxc2+ 19.Qxc2 Bxg5 20.Bxg5 Qxg5 21.Ng3 Kh8 
22.Qb3 Rf2 23.Bb5 Qd8 24.Qxb4 Rb8 25.a4 Nc5 26.Rhf1 Rxf1 27.Rxf1 Nf6 28.
Qc4 Rc8 29.Rc1 Ra8 30.b3 Qb8 31.Rd1 Ra7 32.Kb2 h6 33.Ka3 Rc7 34.Qb4 Rc8 
35.Rc1 Ncxe4 36.Rc6 Nxg3 37.hxg3 Rxc6 38.Bxc6 Qc7 39.Qb5 d5 40.a5 Qd6+ 41.
b4 e4 42.a6 Qxg3+ 43.Ka4 Qe5 44.Qb7 e3 45.a7 Qa1+ 46.Kb5 Qf1+ 47.Ka5 e2 
48.a8=Q+ Kh7 49.Qf8 Nh5 50.Qbf7 Qxf7 51.Qxf7 e1=Q 52.Qxh5 d4 53.Qf5+ Kh8 
54.Be4 1-0

[Event "7th EUR-ch"]
[Site "Kusadasi TUR"]
[Date "2006.04.12"]
[Round "8.68"]
[White "Makolli, Perparim"]
[Black "De Lange, Hans"]
[Result "1-0"]
[WhiteElo "2251"]
[BlackElo "1901"]
[EventDate "2006.04.04"]
[PlyCount "45"]

1.e4 c5 2.Nf3 e6 3.d4 cxd4 4.Nxd4 a6 5.Bd3 Bc5 6.Nb3 Ba7 7.c4 Nc6 8.Nc3 
Nf6 9.Qe2 Qc7 10.Be3 Bxe3 11.Qxe3 Ne5 12.Qe2 d6 13.O-O Bd7 14.f4 Nxd3 15.
Qxd3 Rc8 16.Qg3 O-O 17.e5 Ne8 18.Ne4 f5 19.Ned2 dxe5 20.fxe5 a5 21.a4 Qb6+
22.c5 Qb5 23.Rf4 1-0

[Event "7th EUR-ch"]
[Site "Kusadasi TUR"]
[Date "2006.04.13"]
[Round "9.6"]
[White "Nevednichy, Vladislav"]
[Black "Belov, Vladimir"]
[Result "0-1"]
[WhiteElo "2582"]
[BlackElo "2599"]
[EventDate "2006.04.04"]
[PlyCount "80"]

1.e4 c5 2.Nf3 e6 3.d4 cxd4 4.Nxd4 a6 5.Nc3 d6 6.Be2 b5 7.O-O Bb7 8.a4 b4 
9.Na2 Nf6 10.Nxb4 d5 11.c3 Nxe4 12.Bd3 Bd6 13.Qh5 O-O 14.Be3 g6 15.Qh6 Be5
16.Rad1 Bg7 17.Qh3 Nd6 18.Qg3 e5 19.Nb3 a5 20.Nc2 Nd7 21.Na3 Bc6 22.Nb5 
Qe7 23.Rfe1 Bxb5 24.Bxb5 Nxb5 25.axb5 a4 26.Nc1 Qe6 27.Nd3 Rfb8 28.Bd4 
Rxb5 29.Nxe5 Nxe5 30.Bxe5 Re8 31.c4 Rb3 32.cxd5 Qf5 33.Bc3 Rxe1+ 34.Rxe1 
Bxc3 35.bxc3 a3 36.h3 a2 37.Kh2 Qxd5 38.Re5 Qa8 39.Qe3 Rb8 40.Qh6 a1=Q 0-1

[Event "7th EUR-ch"]
[Site "Kusadasi TUR"]
[Date "2006.04.13"]
[Round "9.11"]
[White "Gurevich, Mikhail"]
[Black "Postny, Evgeny"]
[Result "1-0"]
[WhiteElo "2643"]
[BlackElo "2572"]
[EventDate "2006.04.04"]
[PlyCount "243"]

1.d4 d5 2.c4 c6 3.Nf3 Nf6 4.e3 a6 5.Nc3 b5 6.b3 Bg4 7.h3 Bxf3 8.gxf3 Nbd7 
9.f4 e6 10.c5 Be7 11.Bd3 g6 12.Qc2 O-O 13.Bb2 a5 14.Ne2 Nh5 15.Ng1 f5 16.
Nf3 Bh4 17.Rg1 Rf7 18.Rg2 Kf8 19.Be2 Ng7 20.O-O-O a4 21.b4 Qe7 22.Kb1 Ke8 
23.Rc1 Rb8 24.Qd1 Kd8 25.a3 Kc7 26.Qg1 Rg8 27.Rc2 Rb8 28.Ka1 Kc8 29.Qh2 
Rb7 30.Ka2 Rf8 31.Rc1 Qd8 32.Rgg1 Qe7 33.Kb1 Qd8 34.Ka1 Qe7 35.Rgd1 Ne8 
36.Rc2 Rg8 37.Bc3 Rf8 38.Rg1 Ng7 39.Qg2 Qd8 40.Kb1 Qe7 41.Kb2 Qd8 42.Ka2 
Qe7 43.Rd1 Qd8 44.Qf1 Ne8 45.Qg1 Ng7 46.Be1 Qe7 47.Nd2 Ne8 48.Nb1 Nc7 49.
Nc3 Nf6 50.f3 Nh5 51.Bd3 Rb8 52.Rg2 Rb7 53.Bf2 Qd8 54.Qe1 Be7 55.h4 Rb8 
56.Rh2 Rb7 57.Ka1 Rb8 58.Kb1 Rb7 59.Bc2 Rf7 60.Qd2 Qf8 61.Rg1 Bd8 62.Ne2 
Ne8 63.Nc1 Neg7 64.Nd3 Bc7 65.Rg5 Qd8 66.Rh1 Qe8 67.Rg2 Qf8 68.Be1 Re7 69.
Nb2 Qe8 70.Rhh2 Bb8 71.Qd1 Ra7 72.Qd3 Rf7 73.Nd1 Rfe7 74.Nc3 Rf7 75.Bd1 
Rfe7 76.Ra2 Reb7 77.Rhb2 Ra8 78.Qf1 Bc7 79.Ka1 Bd8 80.Be2 Bc7 81.Rc2 Rbb8 
82.Kb1 Ra7 83.Nxb5 cxb5 84.c6 Qe7 85.Bxb5 Ne8 86.Bd3 Nd6 87.Rab2 Ng7 88.b5
Nge8 89.h5 g5 90.Bg3 gxf4 91.Bxf4 Rb6 92.Rb4 Nf7 93.Rcb2 Bd6 94.Bxd6 Nfxd6
95.Ka2 Ra5 96.h6 Qg5 97.Qc1 Qxh6 98.f4 Qg7 99.Qc5 Kc7 100.Qc2 Qg1 101.Rxa4
Rxa4 102.Qxa4 Nc8 103.Re2 Ned6 104.Qb3 Rb8 105.a4 Ra8 106.Qa3 Qd1 107.a5 
Nxb5 108.Bxb5 Nd6 109.Rg2 Rg8 110.Rxg8 Qd2+ 111.Kb1 Qd1+ 112.Qc1 Qb3+ 113.
Qb2 Qd1+ 114.Ka2 Nxb5 115.Qxb5 Qc2+ 116.Qb2 Qa4+ 117.Kb1 Qd1+ 118.Qc1 Qb3+
119.Ka1 Qa4+ 120.Kb2 Qb5+ 121.Kc2 Qa4+ 122.Kd2 1-0

[Event "7th EUR-ch"]
[Site "Kusadasi TUR"]
[Date "2006.04.13"]
[Round "9.14"]
[White "Miroshnichenko, Yevhen"]
[Black "l`Ami, Erwin"]
[Result "1-0"]
[WhiteElo "2608"]
[BlackElo "2565"]
[EventDate "2006.04.04"]
[PlyCount "83"]

1.Nf3 Nf6 2.g3 g6 3.c4 Bg7 4.Bg2 O-O 5.O-O c6 6.d3 d5 7.Nbd2 Nbd7 8.Rb1 e5
9.b4 e4 10.Ne1 Qe7 11.cxd5 e3 12.fxe3 Nxd5 13.Bxd5 Qxe3+ 14.Rf2 cxd5 15.
Nc2 Qb6 16.Nb3 Ne5 17.Be3 Qe6 18.Bd4 b6 19.Qd2 Bd7 20.Rbf1 Rac8 21.Ne3 Ba4
22.Qb2 Bxb3 23.axb3 f5 24.Ng2 Bf6 25.Nf4 Qd6 26.h3 Nd7 27.Bxf6 Nxf6 28.Qd4
Rfe8 29.Ra1 Rc7 30.h4 Qe5 31.Qxe5 Rxe5 32.Rff1 Kf7 33.Rfc1 Rce7 34.Rc6 d4 
35.Rd6 h6 36.Rc1 g5 37.hxg5 hxg5 38.Nh3 Rxe2 39.Nxg5+ Kg6 40.Nf3 R7e3 41.
Nxd4 Rxd3 42.Rxf6+ 1-0

[Event "7th EUR-ch"]
[Site "Kusadasi TUR"]
[Date "2006.04.13"]
[Round "9.15"]
[White "Macieja, Bartlomiej"]
[Black "Malakhatko, Vadim"]
[Result "1-0"]
[WhiteElo "2584"]
[BlackElo "2559"]
[EventDate "2006.04.04"]
[PlyCount "141"]

1.e4 e6 2.d4 d5 3.Nc3 Nf6 4.e5 Nfd7 5.f4 c5 6.Nf3 Nc6 7.Be3 a6 8.Qd2 b5 9.
a3 Qa5 10.Ne2 Qxd2+ 11.Nxd2 Bb7 12.c3 Be7 13.g3 O-O 14.Bh3 cxd4 15.Nxd4 
Nxd4 16.Bxd4 a5 17.Kf2 Bc6 18.b4 a4 19.Rae1 Bd8 20.Re3 Bc7 21.Rhe1 Rfe8 
22.g4 Nb6 23.Bg2 Ra6 24.R3e2 Rc8 25.h4 Bd7 26.h5 Bd8 27.Rc1 Nc4 28.Nxc4 
Rxc4 29.Bf1 f6 30.Rd2 Rc8 31.Bd3 Bc7 32.Ke3 Rf8 33.Rf1 Raa8 34.Rdf2 Rac8 
35.Kd2 fxe5 36.Bxe5 Bxe5 37.fxe5 Rxf2+ 38.Rxf2 Be8 39.Rf4 h6 40.Be2 Rc7 
41.Kd3 Rc8 42.Kd4 Rc7 43.Rf3 Rc8 44.Rg3 Rc7 45.g5 hxg5 46.Rxg5 Kh7 47.Rg1 
Kh6 48.Rf1 Kg5 49.Rf8 Bxh5 50.Bxb5 Kh4 51.Rh8 g6 52.Be2 Kg5 53.Bd3 Bg4 54.
b5 Rb7 55.Kc5 Rc7+ 56.Kb4 Bf5 57.Bf1 Rb7 58.Kxa4 Bc2+ 59.Kb4 Rf7 60.Be2 
Rf2 61.b6 Rxe2 62.b7 Bd3 63.b8=Q Rb2+ 64.Kc5 Rxb8 65.Rxb8 Kf4 66.Kd4 Bc2 
67.Rf8+ Kg3 68.Ra8 g5 69.a4 g4 70.a5 Ba4 71.a6 1-0

[Event "7th EUR-ch"]
[Site "Kusadasi TUR"]
[Date "2006.04.13"]
[Round "9.19"]
[White "Kurnosov, Igor"]
[Black "Guseinov, Gadir"]
[Result "1/2-1/2"]
[WhiteElo "2526"]
[BlackElo "2615"]
[EventDate "2006.04.04"]
[PlyCount "48"]

1.e4 c5 2.Nf3 d6 3.d4 cxd4 4.Nxd4 Nf6 5.Nc3 Nc6 6.Bg5 e6 7.Qd2 Be7 8.O-O-O
O-O 9.f4 Nxd4 10.Qxd4 Qa5 11.Kb1 h6 12.h4 e5 13.Qe3 exf4 14.Bxf4 Be6 15.
Bd3 Rac8 16.Nd5 Nxd5 17.exd5 Bxd5 18.Qxe7 Qxa2+ 19.Kc1 Qa1+ 20.Kd2 Qxb2 
21.Qxd6 Qc3+ 22.Kc1 Qa1+ 23.Kd2 Qc3+ 24.Kc1 Qa1+ 1/2-1/2

[Event "7th EUR-ch"]
[Site "Kusadasi TUR"]
[Date "2006.04.13"]
[Round "9.20"]
[White "Socko, Bartosz"]
[Black "Bartel, Mateusz"]
[Result "1-0"]
[WhiteElo "2606"]
[BlackElo "2554"]
[EventDate "2006.04.04"]
[PlyCount "88"]

1.e4 c6 2.d4 d5 3.e5 Bf5 4.Nf3 e6 5.Be2 Nd7 6.O-O Bg6 7.b3 Nh6 8.c4 Nf5 9.
h3 Bb4 10.Bd2 Bxd2 11.Qxd2 O-O 12.Nc3 f6 13.g4 Ne7 14.exf6 Rxf6 15.Rae1 c5
16.cxd5 Nxd5 17.Nxd5 exd5 18.Nh4 cxd4 19.Nxg6 hxg6 20.Qxd4 Nf8 21.Rd1 Rd6 
22.Bf3 Kh8 23.Qe5 d4 24.Bxb7 Rb8 25.Be4 Qf6 26.Qg3 Re8 27.g5 Qe5 28.Bd3 
Qxg3+ 29.fxg3 Ne6 30.Bxg6 Red8 31.Bd3 Nxg5 32.Rf5 Nh7 33.Ra5 R8d7 34.Rc1 
g6 35.Rc8+ Kg7 36.Ra8 Kf6 37.R8xa7 Rxa7 38.Rxa7 Ng5 39.Kg2 Ne6 40.Ra6 Rxa6
41.Bxa6 Nc5 42.Bc4 Ke5 43.Kf3 Ne4 44.Bd3 Kd5 1-0

[Event "7th EUR-ch"]
[Site "Kusadasi TUR"]
[Date "2006.04.13"]
[Round "9.21"]
[White "Iordachescu, Viorel"]
[Black "Kuzubov, Yuriy"]
[Result "1/2-1/2"]
[WhiteElo "2601"]
[BlackElo "2554"]
[EventDate "2006.04.04"]
[PlyCount "74"]

1.Nf3 c5 2.c4 Nc6 3.Nc3 Nf6 4.d4 d5 5.g3 e6 6.cxd5 exd5 7.Bg2 Be7 8.O-O 
O-O 9.dxc5 Bxc5 10.Na4 Be7 11.Be3 Re8 12.Rc1 Ne4 13.Nd4 Bf6 14.Nxc6 bxc6 
15.Rxc6 d4 16.Bf4 Qa5 17.b3 Bd7 18.Rxf6 Bxa4 19.Bxe4 Rxe4 20.f3 Ree8 21.
Rd6 Bb5 22.Rf2 Rad8 23.a4 Rxd6 24.Bxd6 Bc6 25.b4 Qxa4 26.Qxa4 Bxa4 27.Bc5 
Bb5 28.Bxa7 Bxe2 29.Bxd4 h5 30.h3 f5 31.f4 Re4 32.Be5 Re3 33.Kh2 Kf7 34.
Bd4 Re4 35.Bc5 g6 36.Kg1 Ke6 37.Kg2 Kd5 1/2-1/2

[Event "7th EUR-ch"]
[Site "Kusadasi TUR"]
[Date "2006.04.13"]
[Round "9.23"]
[White "Iotov, Valentin"]
[Black "Azarov, Sergei"]
[Result "1/2-1/2"]
[WhiteElo "2432"]
[BlackElo "2592"]
[EventDate "2006.04.04"]
[PlyCount "120"]

1.d4 Nf6 2.c4 e6 3.Nc3 Bb4 4.e3 O-O 5.Bd3 d5 6.Nf3 c5 7.O-O cxd4 8.exd4 
dxc4 9.Bxc4 b6 10.Bg5 Bxc3 11.bxc3 Nbd7 12.Qd3 Bb7 13.Rac1 Qc7 14.Nd2 Ne4 
15.Nxe4 Bxe4 16.Qe2 Bb7 17.Bd3 e5 18.Qg4 Qc6 19.f3 Rfe8 20.Be4 Qc7 21.Bf5 
Nf8 22.Bf6 Ng6 23.Bxg6 hxg6 24.Bxe5 Qc4 25.h4 Qxa2 26.h5 Re6 27.f4 Be4 28.
f5 Rxe5 29.dxe5 gxf5 30.Qg3 Qe6 31.Rcd1 Re8 32.h6 Qxe5 33.Qxg7+ Qxg7 34.
hxg7 Re6 35.Rf2 Kxg7 36.Rd7 a5 37.Rb2 Rg6 38.Rd8 a4 39.Rb8 Rc6 40.Ra8 b5 
41.Rxb5 Rxc3 42.Rxa4 Rc2 43.Ra3 Rxg2+ 44.Kf1 Rc2 45.Rb6 Bc6 46.Kg1 f4 47.
Rd3 f3 48.Rxc6 Rxc6 49.Rxf3 Rc2 50.Rg3+ Kf6 51.Rf3+ Kg7 52.Rg3+ Kf8 53.Rf3
Rc5 54.Kg2 f5 55.Ra3 Kf7 56.Ra6 Rc3 57.Kf2 Ke7 58.Rb6 Rd3 59.Ra6 Rd6 60.
Rxd6 Kxd6 1/2-1/2

[Event "7th EUR-ch"]
[Site "Kusadasi TUR"]
[Date "2006.04.13"]
[Round "9.24"]
[White "Hillarp Persson, Tiger"]
[Black "Kempinski, Robert"]
[Result "1-0"]
[WhiteElo "2524"]
[BlackElo "2586"]
[EventDate "2006.04.04"]
[PlyCount "87"]

1.e4 c5 2.Nc3 a6 3.f4 d6 4.Nf3 Nf6 5.e5 dxe5 6.fxe5 Nd5 7.Ne4 e6 8.b3 Be7 
9.Bb2 O-O 10.c4 Nf4 11.Qb1 Nc6 12.h4 Nb4 13.d4 cxd4 14.g3 Ng6 15.Bxd4 Nc6 
16.Bc3 Bb4 17.Bxb4 Nxb4 18.h5 Nxe5 19.Nxe5 Qd4 20.Nf3 Qxa1 21.Qxa1 Nc2+ 
22.Kd2 Nxa1 23.Bd3 Nxb3+ 24.axb3 h6 25.Ne5 Rd8 26.Rf1 f5 27.Nc5 Rd6 28.b4 
b6 29.Nb3 Bb7 30.Kc3 Rc8 31.Rf4 Rcd8 32.g4 fxg4 33.Rxg4 Rc8 34.Nd4 a5 35.
bxa5 Rc5 36.Nb5 Rd8 37.Rd4 Ra8 38.Nd7 Rxh5 39.Nxb6 Rxa5 40.Rd8+ Kf7 41.
Rd7+ Kf6 42.Rxb7 Rh3 43.Nd7+ Ke7 44.Nc5+ 1-0

[Event "7th EUR-ch"]
[Site "Kusadasi TUR"]
[Date "2006.04.13"]
[Round "9.25"]
[White "Sedlak, Nikola"]
[Black "David, Alberto"]
[Result "0-1"]
[WhiteElo "2564"]
[BlackElo "2580"]
[EventDate "2006.04.04"]
[PlyCount "106"]

1.e4 e5 2.Nf3 Nc6 3.Bb5 a6 4.Ba4 Nf6 5.O-O Be7 6.Re1 b5 7.Bb3 O-O 8.d3 d6 
9.c3 Na5 10.Bc2 c5 11.Nbd2 Nc6 12.Nf1 h6 13.h3 Be6 14.Ng3 Rc8 15.Nh2 Nh7 
16.Ng4 Bg5 17.Ne3 Nf6 18.Nh5 Nxh5 19.Qxh5 Ne7 20.a4 b4 21.cxb4 cxb4 22.Qd1
Nc6 23.Bb3 Bxb3 24.Qxb3 Nd4 25.Qxb4 Bxe3 26.Bxe3 Nc2 27.Qb7 Nxe1 28.Rxe1 
Qa5 29.Ra1 Rb8 30.Qd7 Qd8 31.Qg4 Kh8 32.Qh5 Qf6 33.Qe2 Rb4 34.a5 Rc8 35.
Bb6 Rb5 36.Rd1 Qg5 37.Be3 Qf6 38.Bb6 Qg5 39.Be3 Qg6 40.Bb6 Qe6 41.Qd2 Kh7 
42.d4 exd4 43.Qxd4 Rc4 44.Qxd6 Rc1 45.Qd2 Rxd1+ 46.Qxd1 Qxe4 47.b3 Rd5 48.
Qc1 Rd3 49.Qc2 f5 50.f3 Qd5 51.Qc8 Rd1+ 52.Kf2 Qd2+ 53.Kg3 Qg5+ 0-1

[Event "7th EUR-ch"]
[Site "Kusadasi TUR"]
[Date "2006.04.13"]
[Round "9.26"]
[White "Stefansson, Hannes"]
[Black "Cvitan, Ognjen"]
[Result "1/2-1/2"]
[WhiteElo "2579"]
[BlackElo "2527"]
[EventDate "2006.04.04"]
[PlyCount "53"]

1.d4 Nf6 2.c4 g6 3.Nc3 Bg7 4.e4 d6 5.Bd3 O-O 6.Nge2 c5 7.d5 e6 8.O-O exd5 
9.exd5 Ng4 10.Bf4 Ne5 11.b3 Na6 12.Qd2 Nc7 13.Bg5 f6 14.Be3 Bd7 15.a4 a6 
16.a5 Rb8 17.Bc2 f5 18.h3 b5 19.axb6 Rxb6 20.f4 Nf7 21.Bf2 Ne8 22.Rae1 Nf6
23.Bh4 Rb8 24.Ra1 Bc8 25.Rab1 Re8 26.Qd3 Rb7 27.Rbe1 1/2-1/2

[Event "7th EUR-ch"]
[Site "Kusadasi TUR"]
[Date "2006.04.13"]
[Round "9.27"]
[White "Mastrovasilis, Dimitrios"]
[Black "Czarnota, Pawel"]
[Result "0-1"]
[WhiteElo "2577"]
[BlackElo "2529"]
[EventDate "2006.04.04"]
[PlyCount "145"]

1.e4 c5 2.Nf3 Nc6 3.d4 cxd4 4.Nxd4 Nf6 5.Nc3 d6 6.Bg5 e6 7.Qd2 a6 8.O-O-O 
Bd7 9.f4 b5 10.Bxf6 gxf6 11.Nf3 b4 12.Ne2 h5 13.Kb1 Qb6 14.g3 a5 15.Ned4 
Nxd4 16.Nxd4 Rc8 17.b3 a4 18.Bc4 Rc5 19.Rhe1 Bh6 20.Qe2 Kf8 21.bxa4 Bxa4 
22.Bb3 Be8 23.Rd3 h4 24.Red1 hxg3 25.hxg3 Ke7 26.Qd2 Rc3 27.Rxc3 bxc3 28.
Qxc3 Bd7 29.Qd3 Bg7 30.f5 Qc5 31.Qf3 Bh6 32.Qh5 Be8 33.Qg4 e5 34.Ne2 Be3 
35.Qf3 Bb5 36.a4 Ba6 37.Ka2 Rh2 38.Rd5 Bxe2 39.Rxc5 Bxf3 40.Rc3 Re2 41.Bd5
Bg2 42.Rc7+ Kd8 43.Rxf7 Bg5 44.a5 Bxe4 45.Bxe4 Rxe4 46.Kb3 Kc8 47.a6 Kb8 
48.c4 Re1 49.Ka4 Rb1 50.Re7 Ka8 51.Re6 Ka7 52.Ka5 Bd2+ 53.Ka4 Ra1+ 54.Kb3 
Bg5 55.Rxd6 Rxa6 56.Rd7+ Kb6 57.Kb4 Kc6 58.Rd8 Rb6+ 59.Kc3 Rb1 60.Rc8+ Kd7
61.Ra8 e4 62.Kd4 e3 63.Ra7+ Kc6 64.Ra6+ Rb6 65.Ra2 Rb1 66.Ra6+ Kb7 67.Re6 
Rf1 68.g4 Rf2 69.c5 e2 70.Re7+ Kc6 71.Re6+ Kc7 72.Kd3 Rg2 73.Kd4 0-1

[Event "7th EUR-ch"]
[Site "Kusadasi TUR"]
[Date "2006.04.13"]
[Round "9.28"]
[White "Petrosian, Tigran L."]
[Black "Zelcic, Robert"]
[Result "0-1"]
[WhiteElo "2571"]
[BlackElo "2525"]
[EventDate "2006.04.04"]
[PlyCount "111"]

1.d4 Nf6 2.c4 e6 3.Nf3 Bb4+ 4.Nbd2 b6 5.a3 Bxd2+ 6.Qxd2 Bb7 7.g3 O-O 8.Bg2
a5 9.b3 d6 10.O-O Nbd7 11.Bb2 Be4 12.Rac1 c6 13.Bh3 d5 14.Ne5 dxc4 15.Nxd7
Nxd7 16.bxc4 b5 17.Qf4 Bg6 18.Bg2 Rc8 19.c5 Qc7 20.Qh4 Qd8 21.Qf4 Qc7 22.
Qe3 Rfe8 23.Rfd1 h6 24.Qc3 f6 25.e4 Bf7 26.f4 Nf8 27.Rf1 Rcd8 28.Rcd1 Rd7 
29.Rd2 Red8 30.Rff2 Kh8 31.Bh3 Bg6 32.Qf3 f5 33.e5 Bh7 34.Bg2 Rc8 35.Qh5 
Qd8 36.Qe2 Ng6 37.d5 cxd5 38.Qxb5 Ne7 39.Bc3 Nc6 40.Rb2 Bg6 41.Qd3 Qe7 42.
Rb5 Rdc7 43.h3 Be8 44.Kh2 Nd8 45.Rxa5 Nb7 46.Ra7 Nxc5 47.Rxc7 Qxc7 48.Qb1 
Ne4 49.Bxe4 fxe4 50.Bd4 Qc4 51.Qb6 Kh7 52.Rg2 Rc6 53.Qd8 Qxd4 54.Qxe8 Rc1 
55.f5 exf5 56.Qe6 0-1

[Event "7th EUR-ch"]
[Site "Kusadasi TUR"]
[Date "2006.04.13"]
[Round "9.29"]
[White "Pelletier, Yannick"]
[Black "Romanov, Evgeny"]
[Result "1/2-1/2"]
[WhiteElo "2570"]
[BlackElo "2480"]
[EventDate "2006.04.04"]
[PlyCount "96"]

1.c4 Nf6 2.Nc3 c5 3.g3 Nc6 4.Bg2 e6 5.Nf3 d5 6.cxd5 exd5 7.d4 Be7 8.O-O 
O-O 9.Bg5 cxd4 10.Nxd4 h6 11.Be3 Re8 12.Qb3 Na5 13.Qc2 Nc4 14.Bf4 Bg4 15.
Rad1 Rc8 16.h3 Bh5 17.Nf5 Nb6 18.g4 Bg6 19.e4 Bxf5 20.exf5 Bd6 21.Bxd6 
Qxd6 22.Qb3 Rcd8 23.Rd4 Re5 24.a4 Qc5 25.Qb4 Qxb4 26.Rxb4 Re7 27.Rd1 Red7 
28.Rbd4 Nc8 29.h4 Ne7 30.g5 hxg5 31.hxg5 Ne8 32.f4 Nxf5 33.Rxd5 Rxd5 34.
Bxd5 Ned6 35.Be4 Re8 36.Bxf5 Nxf5 37.Rd5 g6 38.Rd7 Re7 39.Rd8+ Kg7 40.Kf2 
Re6 41.a5 Rd6 42.Rb8 Rd2+ 43.Ke1 Rd7 44.Ra8 a6 45.Ke2 f6 46.gxf6+ Kxf6 47.
Ne4+ Ke7 48.Rg8 Rd4 1/2-1/2

[Event "7th EUR-ch"]
[Site "Kusadasi TUR"]
[Date "2006.04.13"]
[Round "9.30"]
[White "Kotanjian, Tigran"]
[Black "Dgebuadze, Alexandre"]
[Result "1/2-1/2"]
[WhiteElo "2435"]
[BlackElo "2535"]
[EventDate "2006.04.04"]
[PlyCount "84"]

1.d4 Nf6 2.c4 e6 3.Nc3 Bb4 4.Qc2 d6 5.a3 Bxc3+ 6.Qxc3 Nbd7 7.g3 a5 8.b3 c5
9.Nf3 b6 10.Bg2 Bb7 11.O-O Qc7 12.Bb2 O-O 13.Rfd1 Rfe8 14.Rd3 Be4 15.Rd2 
h6 16.Rad1 Ra6 17.a4 d5 18.cxd5 exd5 19.e3 Ra7 20.dxc5 Qxc5 21.Qd4 Rc7 22.
Rc1 Qd6 23.Rxc7 Qxc7 24.Rd1 Qb7 25.Nd2 Bxg2 26.Kxg2 Nc5 27.Kg1 Qa6 28.Re1 
Ne6 29.Qe5 Ng5 30.Qf5 Nfe4 31.h4 Qc8 32.Qxc8 Rxc8 33.hxg5 Nxd2 34.Rd1 Rc2 
35.Bd4 Nf3+ 36.Kg2 Nxd4 37.Rxd4 hxg5 38.Rxd5 f6 39.Rd8+ Kf7 40.Rb8 Rc6 41.
Kf3 Ke6 42.Ke4 Rd6 1/2-1/2

[Event "7th EUR-ch"]
[Site "Kusadasi TUR"]
[Date "2006.04.13"]
[Round "9.31"]
[White "Moiseenko, Olexandr"]
[Black "Mastrovasilis, Athanasios"]
[Result "1-0"]
[WhiteElo "2662"]
[BlackElo "2508"]
[EventDate "2006.04.04"]
[PlyCount "81"]

1.d4 d5 2.c4 e6 3.Nf3 Nf6 4.Nc3 Be7 5.Bg5 h6 6.Bh4 O-O 7.e3 Ne4 8.Bg3 c5 
9.cxd5 exd5 10.Be2 Nc6 11.dxc5 Nxc3 12.bxc3 Qa5 13.O-O Qxc5 14.Rc1 Bf5 15.
Nd4 Be4 16.Bg4 Qc4 17.Nf5 Qxa2 18.f3 Bxf5 19.Bxf5 Bc5 20.Bf2 Rfe8 21.Re1 
Ne5 22.Bb1 Qc4 23.Qc2 Ng6 24.Ba2 Qb5 25.c4 Qb6 26.Rb1 Qd6 27.cxd5 b6 28.
Kh1 Rac8 29.Qd3 Ne5 30.Qa6 Qf6 31.Qe2 Qg6 32.Rbd1 a5 33.Bb1 Qd6 34.Bg3 Bb4
35.Rf1 Qf6 36.f4 Nc4 37.e4 Nb2 38.Rc1 Rxc1 39.Rxc1 Na4 40.Qb5 Qe7 41.Qxa4 
1-0